[Event "AUTO-ELITE-1812"]
[Site "http://www.queenalice.com/game.php?id=1471057"]
[Date "2017.3.29"]
[Round "1"]
[White "bobrich18"]
[Black "gega"]
[Result "1-0"]
[WhiteElo "2348"]
[BlackElo "2265"]

1. d4 Nf6 2. Nf3 b6 3. Nbd2 Bb7 4. e3 c5 5. c3 e6 6. Bd3 Nc6 7. O-O d5 8. Ne5
Nxe5 9. dxe5 Nd7 10. f4 Qc7 11. c4 O-O-O 12. cxd5 exd5 13. Nf3 Be7 14. Bd2 Kb8
15. Rc1 c4 16. Nd4 Nc5 17. Bb1 h5 18. a4 h4 19. b4 Ne4 20. Qe2 Nxd2 21. Qxd2 Qd7
22. a5 Rh5 23. axb6 axb6 24. Bc2 Qc8 25. Ra1 h3 26. g3 Bc6 27. Ra6 Bb7 28. Rxb6
Kc7 29. Rb5 Qd7 30. Ba4 Qc8 31. Ra1 Rhh8 32. Bc2 Rd7 33. Bf5 Rh5 34. Bxd7 Kxd7
35. Ra7 Ke8 36. Rbxb7 Bd8 37. Rxf7 c3 38. Qd3 1-0

[Event "AUTO-ELITE-1812"]
[Site "http://www.queenalice.com/game.php?id=1471058"]
[Date "2017.3.29"]
[Round "1"]
[White "gega"]
[Black "bobrich18"]
[Result "1-0"]
[WhiteElo "2255"]
[BlackElo "2367"]

1. e4 e5 2. Nf3 Nf6 3. Nxe5 d6 4. Nf3 Nxe4 5. Nc3 Nxc3 6. dxc3 Nc6 7. Be3 Be7 8.
Qd2 O-O 9. O-O-O Ne5 10. Kb1 Be6 11. Nd4 Bd7 12. h3 c5 13. Nb5 Qb6 14. Nxd6 Bc6
15. Bg5 Bxd6 16. Qxd6 f6 17. Qe6+ Rf7 18. Be3 Re8 19. Qb3 Qxb3 20. axb3 b6 21.
Rg1 Rfe7 22. Ba6 Re6 23. b4 cxb4 24. cxb4 b5 25. b3 Rb8 26. Kb2 g5 27. Bc5 Nd7
28. Bd4 Ne5 29. f3 Rbe8 30. Ra1 Ng6 31. Bxa7 Nf4 32. Ra5 Re2 33. Rxb5 Nd3+ 34.
Kc3 Ne1 35. Rxe1 Bxb5 36. Rxe2 Bxe2 37. Bxe2 Rxe2 38. b5 Re7 39. Bd4 Kf7 40. b6
f5 41. g3 Ke8 42. Kc4 h6 43. Kb5 1-0

[Event "AUTO-ELITE-1812"]
[Site "http://www.queenalice.com/game.php?id=1471063"]
[Date "2017.3.29"]
[Round "1"]
[White "gega"]
[Black "pumamercedino"]
[Result "0-1"]
[WhiteElo "2270"]
[BlackElo "2573"]

1. e4 c5 2. Nf3 e6 3. d4 cxd4 4. Nxd4 a6 5. c4 Nf6 6. Nc3 d6 7. Be2 Be7 8. O-O
O-O 9. Be3 Nc6 10. Rc1 Bd7 11. a3 Qb8 12. f4 b5 13. cxb5 Nxd4 14. Bxd4 Bxb5 15.
Nxb5 axb5 16. e5 dxe5 17. fxe5 Nd5 18. Bd3 g6 19. Be4 Qd8 20. Qf3 b4 21. axb4
Bxb4 22. Rc4 Be7 23. Qd1 Nb6 24. Bxa8 Nxc4 25. Be4 Bb4 26. Qd3 Nd2 27. Rf4 Qa5
28. h4 Rd8 29. Kh2 Nb3 30. Bb6 Qxb6 31. Qxb3 Qd4 32. g3 Bd2 33. Rg4 Kg7 34. Qb7
Qxe5 35. Bc6 Rd3 36. Bf3 Qe3 37. Be4 Qf2+ 38. Kh3 Re3 39. b3 Re2 40. Bg2 h5 41.
Rxg6+ Kxg6 42. Qf3 Qxf3 43. Bxf3 Re3 44. Kg2 Rxf3 45. Kxf3 Kf5 46. Ke2 Bb4 47.
Ke3 Kg4 48. Kd4 Bd6 49. Kc4 Kxg3 50. b4 Bxb4 51. Kxb4 Kxh4 52. Kc4 Kg3 53. Kd4
h4 0-1

[Event "AUTO-ELITE-1812"]
[Site "http://www.queenalice.com/game.php?id=1471064"]
[Date "2017.3.29"]
[Round "1"]
[White "pumamercedino"]
[Black "gega"]
[Result "1-0"]
[WhiteElo "2582"]
[BlackElo "2267"]

1. c4 Nf6 2. Nc3 e5 3. g3 Bb4 4. Bg2 O-O 5. Nf3 e4 6. Ng5 Bxc3 7. bxc3 Re8 8. f3
exf3 9. Nxf3 Qe7 10. e3 d6 11. O-O Nc6 12. d3 Bd7 13. Rb1 Na5 14. e4 b6 15. Bf4
h6 16. Qd2 Rab8 17. e5 Nh5 18. exd6 cxd6 19. Rbe1 Qf8 20. Be3 Nc6 21. Nd4 Ne5
22. Nb5 Bxb5 23. cxb5 Re6 24. Bh3 Re7 25. Rf5 Qe8 26. Ref1 g6 27. Bxh6 gxf5 28.
Qg5+ Ng6 29. Qxh5 Re5 30. Bxf5 Re1 31. Kf2 Re5 32. c4 Qe6 33. Kg1 Qf6 34. Bd2
Ree8 35. Bg5 Qg7 36. Bh6 Qd4+ 37. Kg2 Re5 38. Qf3 Re7 39. Be4 Qh8 40. Bg5 Rd7
41. Bxg6 Qb2+ 42. Rf2 Qg7 43. Bf5 Qxg5 44. Bxd7 Rf8 45. Qg4 Qxg4 46. Bxg4 Kg7
47. Bf3 Rc8 48. Bd5 Rc7 49. Re2 Kf6 50. Kf3 Rd7 51. Kf4 Rd8 52. h4 Rh8 53. a4
Rh6 54. Re8 Rh5 55. Rf8 Rf5+ 56. Kg4 Kg6 57. Rxf7 Rxf7 58. Bxf7+ Kxf7 59. Kf5
Ke7 60. h5 Kf7 61. g4 Ke7 62. g5 1-0

[Event "AUTO-ELITE-1863"]
[Site "http://www.queenalice.com/game.php?id=1490536"]
[Date "2017.8.17"]
[Round "1"]
[White "Alsina"]
[Black "gega"]
[Result "1-0"]
[WhiteElo "2480"]
[BlackElo "2285"]

1. e4 c5 2. Nf3 d6 3. d4 cxd4 4. Nxd4 Nf6 5. Nc3 a6 6. Be3 e5 7. Nf3 Be7 8. Bc4
O-O 9. O-O Qc7 10. Bb3 Be6 11. a3 Nc6 12. Nd5 Bxd5 13. Bxd5 Nxd5 14. Qxd5 Nb8
15. Rfd1 Nd7 16. c4 Rfd8 17. b4 h6 18. Qd3 b6 19. Nd2 Rdc8 20. Rac1 Qb7 21. Nf1
Re8 22. Ng3 Nf6 23. f3 Bf8 24. Nf5 Re6 25. Bf2 a5 26. Qe2 Qc6 27. Ne3 Be7 28.
Nd5 Bd8 29. Be3 Rb8 30. Qb2 axb4 31. axb4 Ra8 32. b5 Qb7 33. Nb4 Nd7 34. Nc6 Bh4
35. Ra1 Rg6 36. Rd3 Nc5 37. Rxa8+ Qxa8 38. Qa3 Qb7 39. Bxc5 dxc5 40. g3 Qc7 41.
Rd5 Bg5 42. Qa8+ Kh7 43. Nxe5 Rd6 44. f4 Rxd5 45. Qxd5 Bf6 46. Nxf7 Bd4+ 47. Kg2
Qa7 48. Ne5 Qa2+ 49. Kh3 Qc2 50. Nd7 Bg1 51. Qf5+ Kg8 52. Qf8+ Kh7 53. Qf7 Qxh2+
54. Kg4 Bd4 55. Nf8+ Kh8 56. Ng6+ Kh7 57. Ne7 h5+ 58. Qxh5+ Qxh5+ 59. Kxh5 Bc3
60. e5 Bd4 61. Nd5 g6+ 62. Kg5 Kg7 63. Nxb6 Kf7 64. Nd5 Ke6 65. b6 1-0

[Event "AUTO-ELITE-1863"]
[Site "http://www.queenalice.com/game.php?id=1490537"]
[Date "2017.8.17"]
[Round "1"]
[White "gega"]
[Black "Alsina"]
[Result "0-1"]
[WhiteElo "2292"]
[BlackElo "2453"]

1. e4 c5 2. Nf3 d6 3. d4 cxd4 4. Nxd4 Nf6 5. Nc3 g6 6. Be3 Bg7 7. f3 Nc6 8. Qd2
O-O 9. Bc4 Bd7 10. O-O-O Rc8 11. Bb3 Na5 12. Kb1 a6 13. g4 b5 14. h4 e5 15. Nde2
b4 16. Qxd6 Nxb3 17. g5 Nd4 18. gxf6 Ba4 19. Rxd4 exd4 20. Qxb4 Qxf6 21. Nxd4
Bc6 22. Rd1 Qxh4 23. Nxc6 Rxc6 24. Nd5 Re6 25. Qd2 Qg3 26. Qe2 Qb8 27. c3 f5 28.
Bf4 Qb5 29. Qe3 fxe4 30. Nc7 Qf5 31. Nxe6 Qxe6 32. Kc1 Qf5 33. Bd6 Qxf3 34. Qxf3
Rxf3 35. Bc5 h5 36. Rd8+ Kh7 37. Rd7 Kh6 38. Kd2 Bf6 39. Be3+ g5 40. Rb7 h4 41.
Rb4 Rg3 42. Rxe4 h3 43. Bc5 Rg2+ 44. Kd3 h2 45. Re1 g4 46. Rf1 Kg6 47. b3 g3 48.
a3 Rd2+ 49. Kxd2 g2 50. Re1 h1=Q 51. Re6 g1=Q 52. Bxg1 Qd5+ 53. Bd4 Qxe6 54.
Bxf6 Kxf6 55. Kc2 Qe2+ 0-1

[Event "AUTO-ELITE-1863"]
[Site "http://www.queenalice.com/game.php?id=1490540"]
[Date "2017.8.17"]
[Round "1"]
[White "FabioDavid"]
[Black "gega"]
[Result "1/2-1/2"]
[WhiteElo "2538"]
[BlackElo "2284"]

1. b3 e5 2. Bb2 Nc6 3. e3 Nf6 4. Bb5 Bd6 5. Na3 e4 6. Nc4 Be7 7. Bxc6 dxc6 8.
Ne2 O-O 9. O-O c5 10. a4 c6 11. a5 Qc7 12. Be5 Qd8 13. Bb2 Bf5 14. Ng3 Be6 15.
f3 exf3 16. Qxf3 Ne8 17. a6 b5 18. Ne5 Qxd2 19. Rf2 Qd5 20. Nxc6 Bh4 21. Qf4 Qg5
22. Qxg5 Bxg5 23. Nf5 h6 24. h4 Bd8 25. Raf1 Bb6 26. g4 f6 27. g5 Kh7 28. gxh6
Bxf5 29. Rxf5 Kxh6 30. Kg2 Rf7 31. Ne5 Rc7 32. Ng4+ Kh7 33. Rd1 c4 34. Kf3 cxb3
35. Rg1 Kg6 36. Rxb5 bxc2 37. Nxf6+ Kf7 38. Nd5 Rc6 39. Ke2 Rb8 40. h5 Rc5 41.
Rf1+ Kg8 42. Rxc5 Bxc5 43. Bc1 Rc8 44. Kd3 Rd8 45. e4 Nc7 46. Rf5 Ne6 47. Bb2
Rd6 48. Kxc2 Rxa6 49. Nc7 Nxc7 50. Rxc5 Ne6 51. Re5 Rb6 52. Bc1 Rc6+ 53. Kd1 Kf7
54. Be3 Ra6 55. Bd2 Nd4 56. Bc3 Rd6 57. Bxd4 Rxd4+ 58. Ke2 a5 59. Ke3 Ra4 60.
Kf4 Ra1 61. Rf5+ Ke6 62. Re5+ Kf6 63. Rf5+ Ke6 64. Re5+ Kf6 65. Rf5+ Ke6 1/2-1/2

[Event "AUTO-ELITE-1863"]
[Site "http://www.queenalice.com/game.php?id=1490541"]
[Date "2017.8.17"]
[Round "1"]
[White "gega"]
[Black "FabioDavid"]
[Result "1-0"]
[WhiteElo "2264"]
[BlackElo "2540"]

1. e4 Nc6 2. Nf3 d6 3. d4 Nf6 4. Nc3 Bg4 5. d5 Nb8 6. h3 Bxf3 7. Qxf3 Nbd7 8. g4
g6 9. Be3 c6 10. O-O-O Bg7 11. Qe2 O-O 12. f4 Qa5 13. dxc6 bxc6 14. Qa6 Qxa6 15.
Bxa6 Rfb8 16. Bf2 Ne8 17. e5 Nc7 18. Be2 d5 19. g5 Ne6 20. Bg4 Ndc5 21. a3 a5
22. b3 h6 23. h4 h5 24. Bf3 Rb6 25. Kb2 Rd8 26. Rd2 Rb7 27. Rhd1 Rdb8 28. Ka2
Nxb3 29. cxb3 Rxb3 30. Rb1 Rxb1 31. Nxb1 Nxf4 32. Ba7 Rc8 33. Bb6 Bxe5 34. Bxa5
Bd6 35. Bc3 e5 36. Bb2 Kf8 37. Nc3 Ke7 38. a4 Ke6 39. Bc1 Ra8 40. Kb3 Kd7 41.
Ba3 Rb8+ 42. Ka2 Ke7 43. Bxd6+ Kxd6 44. Ka3 Kc5 45. Be2 Ra8 46. Bd1 e4 47. Rf2
Kc4 48. Nxe4 Nd3 49. Nd6+ Kd4 50. Rxf7 1-0

[Event "AUTO-ELITE-1955"]
[Site "http://www.queenalice.com/game.php?id=1519315"]
[Date "2018.3.11"]
[Round "1"]
[White "FabioDavid"]
[Black "gega"]
[Result "1-0"]
[WhiteElo "2539"]
[BlackElo "2284"]

1. b3 e5 2. Bb2 Nc6 3. c4 g6 4. e3 Bg7 5. Nf3 d6 6. Be2 Nf6 7. O-O O-O 8. d4 e4
9. Nfd2 Bf5 10. a3 Re8 11. Nc3 a5 12. g4 Nxg4 13. Bxg4 Qg5 14. Ndxe4 Bxe4 15. f4
Qh4 16. Rf2 a4 17. b4 Bd3 18. Qxd3 Qxg4+ 19. Rg2 Qh5 20. Nb5 Qh3 21. Rg3 Qd7 22.
e4 Ne7 23. Nc3 Bf6 24. Nd5 Nxd5 25. cxd5 Bh4 26. Rg2 Re7 27. e5 c6 28. Qf3 dxe5
29. dxe5 Qd8 30. dxc6 Qb6+ 31. Kh1 Kh8 32. f5 gxf5 33. e6+ f6 34. Qf4 Rxe6 35.
Qxh4 Qxc6 36. Rg1 Rf8 37. Qg3 1-0

[Event "AUTO-ELITE-1955"]
[Site "http://www.queenalice.com/game.php?id=1519316"]
[Date "2018.3.11"]
[Round "1"]
[White "gega"]
[Black "FabioDavid"]
[Result "0-1"]
[WhiteElo "2291"]
[BlackElo "2538"]

1. e4 e5 2. Nf3 Nc6 3. Bc4 Nf6 4. d3 h6 5. c3 Be7 6. O-O d6 7. Bb3 O-O 8. Be3
Na5 9. Ba4 a6 10. c4 c5 11. Nc3 Nc6 12. h3 Bd7 13. a3 Be6 14. Rb1 Nd4 15. Nd5 b5
16. Nxe7+ Qxe7 17. Bxd4 cxd4 18. cxb5 axb5 19. Bxb5 Rfc8 20. Qd2 Bd7 21. Bxd7
Nxd7 22. Ra1 Nc5 23. Qd1 Qb7 24. Rb1 Qa6 25. Ne1 Rcb8 26. f4 exf4 27. Rxf4 Rb3
28. Rf2 Qb6 29. Qe2 Rbxa3 30. Qf3 Rf8 31. Qe2 Rb3 32. Ra1 Qb7 33. Qc2 Rc8 34.
Ra2 Nxe4 35. Ra7 Rxc2 36. Rxb7 Rc1 37. Rxb3 Rxe1+ 38. Kh2 Nxf2 39. Kg3 Nd1 40.
Rb8+ Kh7 41. Rb4 Re3+ 42. Kh2 Rxd3 43. b3 Ne3 44. Rb6 d5 45. Ra6 Rxb3 46. Ra1 d3
0-1

[Event "Challenge"]
[Site "http://www.queenalice.com/game.php?id=1519851"]
[Date "2018.3.16"]
[Round "-"]
[White "Mulder"]
[Black "gega"]
[Result "1-0"]
[WhiteElo "2481"]
[BlackElo "2279"]

1. d4 Nf6 2. c4 e6 3. Nf3 Bb4+ 4. Bd2 a5 5. g3 d5 6. Bg2 dxc4 7. O-O Nc6 8. Bg5
Be7 9. e3 O-O 10. Nbd2 c3 11. bxc3 Nd5 12. Bxe7 Qxe7 13. Qc2 Ra7 14. e4 Nb6 15.
e5 Bd7 16. Rab1 Nb8 17. Rfe1 h6 18. c4 Rd8 19. Qc1 Bc6 20. Ne4 Bxe4 21. Rxe4 Nc6
22. a3 Nd7 23. d5 Nc5 24. dxc6 Nxe4 25. cxb7 Rb8 26. Nd4 Qc5 27. Qe3 f5 28. exf6
Nxf6 29. Qxe6+ Kh7 30. Qf5+ Qxf5 31. Nxf5 Ra6 32. c5 Re6 33. Nd4 Re5 34. Nc6
Rxb7 35. Rxb7 Rxc5 36. Nd4 Rc3 37. Ne6 Rxa3 38. Rxc7 Ra1+ 39. Bf1 Kg6 40. Rxg7+
Kf5 41. Nd4+ Ke4 42. Nb3 Ra3 43. Bc4 a4 44. Re7+ Kf5 45. Bd3+ Kg5 46. Rg7+ Kh5
47. Be2+ 1-0